Biblioteca

Reportaje con Renán Murillo Pizarro (Registro nro. 49733)

Detalles MARC
000 -LÍDER
Campo fijo de descripción fija 00697aab a22001934i 4500
001 - NÚMERO DE CONTROL
Campo de control 768714001
003 - IDENTIFICADOR DEL NÚMERO DE CONTROL
Campo de control CO-MdFUSB
005 - FECHA Y HORA DE LA ULTIMA TRANSACCIÓN
control field 20240530115625.0
008 - ELEMENTOS DE LONGITUD FIJA -- INFORMACIÓN GENERAL
Campo fijo de descripción fija -- Información general 170508s1992 cr ||||| |||| 00| 0 spa d
040 ## - FUENTE DE CATALOGACIÓN
Agencia Catalogadora CO-MdFUSB
Idioma de catalogación spa
Agencia que realiza la transcripción CO-MdFUSB
Agencia que realiza la modificación CO-MdFUSB
041 ## - CÓDIGO DE IDIOMA
Código de idioma para texto/pista de sonido o título separado spa
245 00 - TÍTULO
Título Reportaje con Renán Murillo Pizarro
300 ## - DESCRIPCIÓN FÍSICA
Extensión Volumen 10. Número 1 (1992), páginas 27-29
Dimensiones : 27 cm.
520 ## - NOTA DE RESUMEN, ETC.
Nota de sumario, etc. "Muchas veces debemos tomar decisiones difíciles, y el saber que hay cristianos que oran por nosotros nos reconforta mucho"
653 ## - TÉRMINO DE INDIZACIÓN - NO CONTROLADO
Término no controlado Entrevista
773 0# - ASIENTO DE ITEM FUENTE
Título Apuntes Pastorales
Biblionumber 49442
Itemnumber 60137
Parte(s) relacionada(s) / Volumen., número. (mes año), páginas Volumen 10. Número 1 (1992), páginas 27-29
Enumeración y primera página Página 27
942 ## - TIPO DE MATERIAL (KOHA)
Tipo de Item KOHA Artículos de Revista
945 ## - INFORMACIÓN LOCAL DEL REGISTRO
Catalogador JTF-925

No hay ítems disponibles.

Biblioteca FUSBC | Teléfono: (57+4) 349 88 10 Ext. 141| WhatsApp (+57) 3005338115 
E-mail: biblioteca@unisbc.edu.co | Calle 76 87-14 Robledo Palenque, Medellín, Colombia

Con tecnología Koha